<?xml version="1.0" encoding="UTF-8"?>
<record
    xmlns:xsi="http://www.w3.org/2001/XMLSchema-instance"
    xsi:schemaLocation="http://www.loc.gov/MARC21/slim http://www.loc.gov/standards/marcxml/schema/MARC21slim.xsd"
    xmlns="http://www.loc.gov/MARC21/slim">

  <leader>01811nam a22002537a 4500</leader>
  <datafield tag="999" ind1=" " ind2=" ">
    <subfield code="c">1194</subfield>
    <subfield code="d">1194</subfield>
  </datafield>
  <controlfield tag="003">OSt</controlfield>
  <controlfield tag="005">20190806195034.0</controlfield>
  <controlfield tag="008">170320b        xxu||||| |||| 00| 0 esp d</controlfield>
  <datafield tag="040" ind1=" " ind2=" ">
    <subfield code="c">RCAA</subfield>
    <subfield code="a">DO-SdBJH</subfield>
    <subfield code="b">spa</subfield>
  </datafield>
  <datafield tag="090" ind1=" " ind2=" ">
    <subfield code="a">TG AAFFM</subfield>
    <subfield code="b">00855 2014</subfield>
  </datafield>
  <datafield tag="100" ind1="1" ind2=" ">
    <subfield code="a"> Guzm&#xE1;n Dom&#xED;nguez, Manuel Alejandro</subfield>
    <subfield code="e">sustentante</subfield>
  </datafield>
  <datafield tag="245" ind1="1" ind2="0">
    <subfield code="a">Academia A&#xE9;rea General de Brigada Piloto Frank A. Feliz Miranda, FAD, propuesta: Implementaci&#xF3;n de un programa de defensa personal a&#xF1;o 2015-2019 / </subfield>
    <subfield code="c"> Manuel Alejandro Guzm&#xE1;n Dom&#xED;nguez, Erick Antonio Morel Jim&#xE9;nez, Fraulin Gabriel P&#xE9;rez Camacho, asesores Kyoshi Miguel Pe&#xF1;a, Alberto Ortiz                                       </subfield>
  </datafield>
  <datafield tag="260" ind1=" " ind2=" ">
    <subfield code="a">Santo Domingo Este :</subfield>
    <subfield code="b">INSUDE, </subfield>
    <subfield code="c">2014</subfield>
  </datafield>
  <datafield tag="300" ind1=" " ind2=" ">
    <subfield code="a">xviii, 60 p&#xE1;ginas, cuadros</subfield>
  </datafield>
  <datafield tag="502" ind1=" " ind2=" ">
    <subfield code="a">Trabajo de grado (Licenciatura en Ciencias Aeron&#xE1;uticas) -- Instituto Superior para la Defensa (INSUDE). Academia A&#xE9;rea Gral. De Brigada Piloto Frank Andr&#xE9;s Feliz Miranda, 2014.</subfield>
  </datafield>
  <datafield tag="504" ind1=" " ind2=" ">
    <subfield code="a">Incluye referencias bibliogr&#xE1;ficas e &#xED;ndices</subfield>
  </datafield>
  <datafield tag="505" ind1=" " ind2=" ">
    <subfield code="a">Explicaci&#xF3;n de los m&#xE9;todos, T&#xE9;cnicas y T&#xE1;cticas de Defensa Personal, y beneficios obtenidos a trav&#xE9;s de dicha practica;  comparaci&#xF3;n de algunos programas de Defensa Personal utilizados por otras Fuerzas Armadas de la regi&#xF3;n como parte de su sistema de entrenamiento; establecimiento de elementos integrales del Programa de Defensa Personal Dirigido a los Cadetes de la Academia A&#xE9;rea General de Brigada Piloto Frank Andr&#xE9;s Felix Miranda, FAD.
</subfield>
  </datafield>
  <datafield tag="700" ind1="1" ind2=" ">
    <subfield code="a">Morel Jim&#xE9;nez, Erick Antonio</subfield>
    <subfield code="e">sustentante</subfield>
  </datafield>
  <datafield tag="700" ind1="1" ind2=" ">
    <subfield code="a">P&#xE9;rez Camacho, Fraulin Gabriel</subfield>
    <subfield code="e">sustentante</subfield>
  </datafield>
  <datafield tag="700" ind1="1" ind2=" ">
    <subfield code="a">Pe&#xF1;a, Kyoshi Miguel</subfield>
    <subfield code="e">asesor</subfield>
  </datafield>
  <datafield tag="700" ind1="1" ind2=" ">
    <subfield code="a">Ortiz, Alberto</subfield>
    <subfield code="e">asesor</subfield>
  </datafield>
  <datafield tag="830" ind1=" " ind2=" ">
    <subfield code="a">INSUDE.  Academia A&#xE9;rea Gral. De Brig. Pil.  Frank Andr&#xE9;s  Feliz Miranda.  Tesis y disertaciones.</subfield>
  </datafield>
  <datafield tag="942" ind1=" " ind2=" ">
    <subfield code="2">CL</subfield>
    <subfield code="c">T</subfield>
  </datafield>
  <datafield tag="952" ind1=" " ind2=" ">
    <subfield code="0">0</subfield>
    <subfield code="1">0</subfield>
    <subfield code="2">CL</subfield>
    <subfield code="4">0</subfield>
    <subfield code="7">1</subfield>
    <subfield code="8">TG</subfield>
    <subfield code="a">BJHA</subfield>
    <subfield code="b">BJHA</subfield>
    <subfield code="d">2017-03-20</subfield>
    <subfield code="i">14-00855</subfield>
    <subfield code="l">0</subfield>
    <subfield code="o">TG AAFFM 00855 2014</subfield>
    <subfield code="p">14-00855</subfield>
    <subfield code="r">2018-10-06 00:00:00</subfield>
    <subfield code="t">e.1</subfield>
    <subfield code="w">2017-03-20</subfield>
    <subfield code="y">T</subfield>
  </datafield>
</record>
